Excel 2000/2002 hướng dẫn sử dụng các ứng dụng trong quản lý tài chính - kế toán - vật tư

Đã lưu trong:
Bibliografiske detaljer
Hovedforfatter: Hoàng, Hồng
Format: Bog
Sprog:Undetermined
Udgivet: Hà Nội Thống kê 2003
Fag:
Tags: Tilføj Tag
Ingen Tags, Vær først til at tagge denne postø!
Thư viện lưu trữ: Trung tâm Học liệu Trường Đại học Cần Thơ
LEADER 00616nam a2200181Ia 4500
001 CTU_92476
008 210402s9999 xx 000 0 und d
082 |a 005.3 
082 |b H455 
100 |a Hoàng, Hồng 
245 0 |a Excel 2000/2002 hướng dẫn sử dụng các ứng dụng trong quản lý tài chính - kế toán - vật tư 
245 0 |c Hoàng Hồng 
260 |a Hà Nội 
260 |b Thống kê 
260 |c 2003 
650 |a Excel ( computer programs ),Financial management 
904 |i Tuyến 
980 |a Trung tâm Học liệu Trường Đại học Cần Thơ